000 00903cab a2200289 4500
001 ABS52766
008 090401t1995 xxu||||| |||| 00| 0 eng d
035 _a(Sirsi) u19
041 _aeng
100 _aDuffill, C.
245 _aRetail planning: adverse impact figure could face bumpy ride
260 _c1995
350 _a0
490 _aPlanning (for the Natural and Built Environment)
_v(1115) 21 April 1995, 8-9(2)
520 _aComments on the draft national plannng policy guidelines on retailing for Scotland and to what extent the guidance emulates PPG6.
650 _aFACTORY RETAIL OUTLETS
650 _aOUT-OF-TOWN SHOPPING
650 _aPLANNING POLICY
650 _aRETAIL DEVELOPMENT
650 _aRETAIL PLANNING
650 _aSCOTLAND
650 _aSHOPPING CENTRES
650 _aTOWN CENTRES
690 _aPLANNING LAW AND PRACTICE
942 _n0
948 _c04/03/1997
999 _c7
_d7